| 000 | 01169nmm a2200325 a 4500 | ||
|---|---|---|---|
| 003 | AR-BaBNM | ||
| 005 | 20251128205231.0 | ||
| 008 | 077019s1979 ||||||||||||||000 | spa|| | ||
| 040 | _cAR-BaBNM | ||
| 100 | 1 | _aVázquez, Stella Maris | |
| 245 | 1 | 0 |
_aTeorías contemporáneas del aprendizaje _bsus bases filosóficas. 1 |
| 260 |
_aBuenos Aires _bCIACIF _c1979 |
||
| 300 | _a230 p. | ||
| 500 | _aCIACIF: CENTRO DE INVESTIGACIONES DE ANTROPOLOGIA FILOSOFICA Y CULTURAL DE LA ASOCIACION ARGENTINA DE CULTURA | ||
| 500 | _aEste tomo fue subsidiado en parte por la Comisión Nacional de Estudios de Geo-Heliofísica | ||
| 504 | _aBibliografía pedagógica, psicológica y sociológica: p. 223-227 | ||
| 504 | _aBibliografía filosófica: p. 228-230 | ||
| 600 | 1 | 4 | _aMead, Margaret |
| 600 | 1 | 4 | _aSkinner, Burrhus Frederic |
| 600 | 1 | 4 | _aWatson, John Broadus |
| 600 | 1 | 4 | _aDewey, John |
| 650 | 4 | _aTEORIAS DEL APRENDIZAJE | |
| 650 | 4 | _aFUNCIONALISMO | |
| 650 | 4 | _aPSICOLOGIA DEL DESARROLLO | |
| 650 | 4 | _aPSICOLOGIA EXPERIMENTAL | |
| 653 | _aPROCESO DE ENSENANZA-APRENDIZAJE | ||
| 700 | 1 |
_aCanali, Lidia E. _ecolaborador |
|
| 942 | _cBK | ||
| 998 | _cSILVI | ||
| 999 |
_c10536 _d10536 |
||